000 00768nam a22002297a 4500
003 UA-OsUOA
001 69797
007 ta
008 20100706b un ||||| |||| 00| 0 ukr d
090 _a343.2/7
_bУ26
942 _cBK
040 _aUA-OsUOA
_brus
_cUA-OsUOA
_dUA-OsUOA
245 _aУголовная политика и совершенствование законодательства
_bмежвузовский сборник научных трудов
_cотв. ред. Цветинович А. Л.
300 _a158 с.
955 _a2
041 _arus
080 _a343.2/7
020 _a5-20-20779-5
260 _aКемерово
_c1992
650 7 _a343 Кримінальне право. Карні порушення
_2UDC
999 _c356070
_d356070